000 00364nam a2200133Ia 4500
003 GCL
008 140319s9999 xx 000 0 ara d
040 _aGCL /
_cGCL
082 0 4 _a250
_bش م
245 1 0 _aالمدخل لدراسة الفقة الاسلامى
260 _a[S.N] :
_bمكتبة النهضة المصرية ،
_c1989
300 _a375 ص
490 _a
999 _c55691
_d55691